ऋगवेद : (Record no. 122238)

MARC details
000 -LEADER
fixed length control field 00882nam a22002417a 4500
010 ## - LIBRARY OF CONGRESS CONTROL NUMBER
LC control number 859391
020 ## - INTERNATIONAL STANDARD BOOK NUMBER
Terms of availability 30.00
035 ## - SYSTEM CONTROL NUMBER
System control number 859391
037 ## - SOURCE OF ACQUISITION
Stock number Cen Lib / Ret
040 ## - CATALOGING SOURCE
Original cataloging agency DPL
Language of cataloging HN
082 ## - DEWEY DECIMAL CLASSIFICATION NUMBER
Classification number 220.21
Item number वेदऋ
245 ## - TITLE STATEMENT
Title ऋगवेद :
Remainder of title भाषा-भाष्य /
246 ## - VARYING FORM OF TITLE
Title proper/short title Rigved : Bhasha Bhashy /
260 ## - PUBLICATION, DISTRIBUTION, ETC. (IMPRINT)
Place of publication, distribution, etc नई दिल्ली
Name of publisher, distributor, etc सर्वदेशिक आर्य प्रतिनिधि सभा
270 ## - ADDRESS
City नई दिल्ली
Address महर्षि दयानन्द भवन, रामलीला मैदान
Postal code 110002
300 ## - PHYSICAL DESCRIPTION
Extent 1246p.
Other physical details 22cm.
490 ## - SERIES STATEMENT
Series statement चौखम्बा संस्कृत ग्रन्थमाला
Volume number/sequential designation 94
650 ## - SUBJECT ADDED ENTRY--TOPICAL TERM
Topical term or geographic name as entry element ऋगवेद
650 ## - SUBJECT ADDED ENTRY--TOPICAL TERM
Topical term or geographic name as entry element वेद
650 ## - SUBJECT ADDED ENTRY--TOPICAL TERM
Topical term or geographic name as entry element Rigveda
650 ## - SUBJECT ADDED ENTRY--TOPICAL TERM
Topical term or geographic name as entry element Veda
942 ## - ADDED ENTRY ELEMENTS (KOHA)
Source of classification or shelving scheme Dewey Decimal Classification
Koha item type Hindi Books
Classification part 220.21
Call number suffix वेदऋ
Holdings
Withdrawn status Lost status Damaged status Not for loan Collection code Home library Current library Date acquired Source of acquisition Cost, normal purchase price Total Checkouts Full call number Barcode Date last seen Copy number Cost, replacement price Price effective from Koha item type
      Not For Loan Reference Central Library Central Library 10/03/2016 Cen Lib/Ret 30.00   220.21 वेदऋ 859391 10/03/2016 1 30.00 10/03/2016 Hindi Books

© Delhi Public Library
Hit Counter
free hit counter